000 00260nam a22001097a 4500
082 _a355.0 HAL'D
100 _aHALBERN, AUTO
_956235
245 _aDUSHMAN KAY AQAB MIAN JUNG
260 _aRAWALPINDI
_bARMY EDUCATION PRESS
_c1975
300 _a287P
942 _cBK
999 _c566717
_d566717